000
00321nam a22001337a 4500
003
SGT
020
_a
978-1-84872-242-2
082
_a
616.855
_b
L14S
100
_a
SCHWARTZ, STEVEN
245
_a
LANGUAGE AND COGNITION IN SCHIZOPHRENIA
260
_a
NEW YORK
_b
PSYCHOLOGY PRESS
_c
2014
300
_a
288
942
_2
ddc
_c
BK
999
_c
15445
_d
15445